| 000 | 00971nam a2200349 a 4500 | ||
|---|---|---|---|
| 003 | AR-BaBNM | ||
| 005 | 20251128210404.0 | ||
| 008 | 082120s2002 ||||||||||||||000 | spa|| | ||
| 020 | _a968-16-3115-3 | ||
| 040 | _cAR-BaBNM | ||
| 100 | 1 | _aSaitta, Armando | |
| 245 | 0 | 0 | _aGuía crítica de la historia contemporánea |
| 260 |
_aMéxico, D.F. _bFondo de Cultura Económica _c1996 |
||
| 300 | _a376 p. | ||
| 490 | 0 |
_aBreviarios _vv. 484 |
|
| 504 | _aAl final de cada capítulo se encuentra la bibliografía para consultar | ||
| 650 | 4 | _aHISTORIOGRAFIA | |
| 650 | 4 | _aPRIMERA GUERRA MUNDIAL | |
| 650 | 4 | _aHISTORIA POLITICA | |
| 650 | 4 | _aHISTORIA EUROPEA | |
| 650 | 4 | _aDOCTRINAS POLITICAS | |
| 650 | 4 | _aNACIONALISMO | |
| 650 | 4 | _aCULTURA | |
| 650 | 4 | _aSEGUNDA GUERRA MUNDIAL | |
| 650 | 4 | _aNAZISMO | |
| 650 | 4 | _aIMPERIALISMO | |
| 651 | 4 | _aURSS | |
| 651 | 4 | _aAlemania | |
| 700 | 1 |
_aMastrangelo, Stella _etraductor |
|
| 942 | _cBK | ||
| 998 | _cMariana | ||
| 999 |
_c15269 _d15269 |
||